000 00567nam a2200229 a 4500
001 nice12345678
003 IN_TiNIC
005 20260116013038.0
008 050524s1987 lona grp 000 0 eng
020 _a0009782
_c662.3
082 0 0 _a230
_bTIL
100 _aTillich, Paul
245 _aPaul Tillich
_b Theologian of the Boundaries
260 _aLondon
_bCollins Religious Pub.
_c1987
300 _a351p
500 _aincludes index and biblioraphy
505 2 _aIndex
650 _aTheology
902 _bSRS
942 _cBK
999 _c9409
_d9409